Central Library OPAC University of Rajshahi
Normal view MARC view

Entry Personal Name

Number of records used in: 2

001 - CONTROL NUMBER

  • control field: 8423

003 - CONTROL NUMBER IDENTIFIER

  • control field: BD-RjUL

005 - DATE AND TIME OF LATEST TRANSACTION

  • control field: 20230820124450.0

008 - FIXED-LENGTH DATA ELEMENTS

  • fixed length control field: 230820|| aca||aabn | a|a d

040 ## - CATALOGING SOURCE

  • Original cataloging agency: BD-RjUL
  • Transcribing agency: BD-RjUL

100 ## - HEADING--PERSONAL NAME

  • Personal name: خاں، خلىل الله ;; K̲h̲ān̲, K̲h̲alīlullāh,
  • Dates associated with a name: 1926-

670 ## - SOURCE DATA FOUND

  • Source citation: Work cat.: (BD-RjUL)81723: خاں، خلىل الله ;; K̲h̲ān̲, K̲h̲alīlullāh, 1926-, مضطر خىر آبادى : حىات اور شاعرى ;; Muz̤t̤ar K̲h̲airābādī :, [19]79.